000 00293nam a22001217a 4500
999 _c65012
_d65009
082 _a297.5
_aFAR
100 _aA.H. FARID
_aA.H. FARID
245 _aPRAYERS OF MUHAMMAD
250 _a3rd revised edition
260 _aLAHORE
_bPrinted at Ashraf Press,lahore
_c1974
300 _a315
942 _cBK